The vagrants of Dacca City : (Record no. 31628)

MARC details
000 -LEADER
fixed length control field 00972cam a2200301 i 4500
001 - CONTROL NUMBER
control field 879668
003 - CONTROL NUMBER IDENTIFIER
control field BDDh-ASL
005 - DATE AND TIME OF LATEST TRANSACTION
control field 20231015031307.0
008 - FIXED-LENGTH DATA ELEMENTS--GENERAL INFORMATION
fixed length control field 790917s1978 bg b 001 0 eng
010 ## - LIBRARY OF CONGRESS CONTROL NUMBER
LC control number 79900615
020 ## - INTERNATIONAL STANDARD BOOK NUMBER
Terms of availability Tk20.00
040 ## - CATALOGING SOURCE
Original cataloging agency DLC
Transcribing agency BDDh-ASL
Modifying agency DLC
041 ## - LANGUAGE CODE
Language code of text/sound track or separate title eng
043 ## - GEOGRAPHIC AREA CODE
Geographic area code a-bg---
050 00 - LIBRARY OF CONGRESS CALL NUMBER
Classification number HC440.8.Z9
Item number P615
082 00 - DEWEY DECIMAL CLASSIFICATION NUMBER
Classification number 301.4494
Item number FAV
100 1# - MAIN ENTRY--PERSONAL NAME
Personal name Farouk, A.
245 14 - TITLE STATEMENT
Title The vagrants of Dacca City :
Remainder of title a socio-economic survey, 1975 /
Statement of responsibility, etc. A. Farouk, in collaboration with Rezaul Karim ... [et al.].
260 ## - PUBLICATION, DISTRIBUTION, ETC.
Place of publication, distribution, etc. Dacca :
Name of publisher, distributor, etc. Bureau of Economic Research, University of Dacca,
Date of publication, distribution, etc. 1976.
300 ## - PHYSICAL DESCRIPTION
Extent v, 84 p. ;
Dimensions 25 cm.
504 ## - BIBLIOGRAPHY, ETC. NOTE
Bibliography, etc. note Includes bibliographical references and index.
650 #0 - SUBJECT ADDED ENTRY--TOPICAL TERM
Topical term or geographic name entry element Poor
Geographic subdivision Bangladesh
-- Dhaka.
650 #0 - SUBJECT ADDED ENTRY--TOPICAL TERM
Topical term or geographic name entry element Tramps
Geographic subdivision Bangladesh
-- Dhaka.
650 #0 - SUBJECT ADDED ENTRY--TOPICAL TERM
Topical term or geographic name entry element Rural-urban migration
Geographic subdivision Bangladesh
-- Dhaka.
700 1# - ADDED ENTRY--PERSONAL NAME
Personal name Karim, Rezaul.
906 ## - LOCAL DATA ELEMENT F, LDF (RLIN)
a 7
b cbc
c orignew
d 2
e ncip
f 19
g y-gencatlg
942 ## - ADDED ENTRY ELEMENTS (KOHA)
Source of classification or shelving scheme Dewey Decimal Classification
Koha item type Books
Holdings
Withdrawn status Lost status Source of classification or shelving scheme Damaged status Not for loan Collection code Home library Current library Shelving location Date acquired Source of acquisition Total Checkouts Full call number Barcode Date last seen Copy number Price effective from Koha item type Public note
    Dewey Decimal Classification     Non-fiction Asiatic Society Library Asiatic Society Library General Stacks 04/03/2023 Complimentary   301.4494 FAV 120339 04/03/2023 C-1 04/03/2023 Books Y-1976

Powered by Koha